Statistics for Historical Figures by Letter - R

Click here to take the quiz!

General Stats

  • This quiz has been taken 201 times
  • The average score is 14 of 20

Answer Stats

HintFigure% Correct
U.S. President during WWIIFranklin D.
Roosevelt
99%
Jimmy Carter's successorRonald Reagan
94%
Founders of Rome (name either)Romulus | Remus
93%
"The Lionheart" kingRichard I
92%
Painter of "The Night Watch"Rembrandt
82%
Hard-to-kill "Mad Monk"Rasputin
80%
Oil baron and first dollar billionaireJohn D. Rockefeller
78%
"Desert Fox" general of WWIIErwin Rommel
75%
Israeli PM assassinated in 1995Yitzhak Rabin
71%
King who restored Scottish
independence in 1328
Robert the Bruce
70%
German Jew who founded
a banking dynasty
Mayer Rothschild
67%
Explorer and court favorite of
Queen Elizabeth
Sir Walter
Raleigh
65%
Louis XIII's chief advisorCardinal {Richelieu}
64%
Author of "The Satanic Verses"Salman Rushdie
57%
He broke baseball's color barrierJackie Robinson
54%
"Incorruptible" and bloodthirsty
revolutionary
Maximilien
Robespierre
52%
"Great" pharaoh also known
as Ozymandias
Ramesses II
51%
Painter of cherubs
and "The School of Athens"
Raphael
50%
Philosopher who influenced
the French Revolution
Jean-Jacques
Rousseau
36%
X-rays discovererWilhelm Röntgen
36%

Score Distribution

Percentile by Number Answered

Percent of People with Each Score

Your Score History

You have not taken this quiz